000 00446nam a2200205Ia 4500
008 240510s9999 xx 000 0 und d
020 _a052108041X
041 _aEng
082 _a519.23
082 _bF35
100 _aFINNEY, D.J.
245 0 _aProbit analysis
250 _a3rd ed.
260 _bCambridge, C.U.P.
260 _c1971
300 _a333 p.
650 _aStatistics : probit analysis
942 _2ddc
942 _cLBK
999 _c25612
_d25612
945 _a1
_bMadushi Gamage
_c1
_dMadushi Gamage